000 00448nam a22001817a 4500
003 MPLRDC
005 20220104150907.0
008 210129b ||||| |||| 00| 0 eng d
082 _a857.62 LBL-9 v.3
100 _aMAURICE LEBLANE
245 _a黑名单
_c文俊凌译
250 _a初版
260 _a
_b角色
_c1999
300 _b
490 _a亚森罗苹探案精选集. 3
650 _a推理小说
942 _cBK
_o857.62 LBL-9 v.3
999 _c52101
_d52091